[Event "Titled Tue 27th May Late"]
[Site "chess.com INT"]
[Date "2025.05.27"]
[Round "11"]
[White "Brancaleoni, Maurizio"]
[Black "Bendayan Claros, Aaron"]
[Result "0-1"]
[WhiteTitle "FM"]
[BlackTitle "CM"]
[WhiteElo "2185"]
[BlackElo "2224"]
[WhiteFideId "803022"]
[BlackFideId "3803392"]
[EventDate "2025.05.27"]

1. Nf3 d5 2. d4 Nf6 3. c4 e6 4. g3 c6 5. Nbd2 Be7 6. Bg2 O-O 7. O-O b6 8. Qc2 c5
9. b3 Nc6 10. Bb2 Ba6 11. Rac1 Rc8 12. Rfd1 cxd4 13. Nxd4 Na5 14. Qb1 Qd6 15.
cxd5 exd5 16. Nf5 Qe6 17. Nxe7+ Qxe7 18. e3 Nc6 19. Nf3 Nb4 20. Ba3 Bb7 21. Nd4
a5 22. Bh3 Rxc1 23. Rxc1 Ne4 24. Nf5 Qg5 25. f3 g6 26. f4 Qd8 27. Nd4 Re8 28.
Bxb4 axb4 29. Qd3 Nc5 30. Qd2 Qe7 31. Bg2 Qxe3+ 32. Qxe3 Rxe3 33. Nc2 Rc3 34.
Kf2 Nd3+ 35. Ke2 Nxc1+ 36. Kd2 Rxc2+ 37. Kxc2 Nxa2 38. Bf1 Nc3 39. Bd3 f5 40.
Kd2 Kf7 41. Ke3 Ke6 42. Kd4 Kd6 43. h3 Ne4 44. g4 Nf2 45. gxf5 Nxd3 46. fxg6
hxg6 47. Kxd3 Bc8 48. Kd4 Bxh3 49. f5 Bxf5 50. Ke3 Ke5 51. Kf3 b5 52. Ke3 g5 53.
Kf3 Kd4 54. Kg3 Kc3 55. Kh2 Kxb3 56. Kg3 Kc2 57. Kh2 b3 58. Kg3 b2 59. Kh2 b1=Q
60. Kg3 Qg1+ 61. Kf3 Qg4+ 62. Kf2 Qf4+ 63. Kg2 Be4+ 64. Kh3 Qh4# 0-1

[Event "Titled Tue 27th May Late"]
[Site "chess.com INT"]
[Date "2025.05.27"]
[Round "11"]
[White "Manolache, Marius"]
[Black "Kravtsiv, Martyn"]
[Result "1/2-1/2"]
[WhiteTitle "GM"]
[BlackTitle "GM"]
[WhiteElo "2408"]
[BlackElo "2598"]
[WhiteFideId "1201530"]
[BlackFideId "14113147"]
[EventDate "2025.05.27"]

1. d4 d5 2. Nf3 Nf6 3. c4 e6 4. Nc3 Be7 5. Bg5 O-O 6. e3 h6 7. Bxf6 Bxf6 8. cxd5
exd5 9. Qb3 c6 10. Bd3 Re8 11. h3 a5 12. O-O b5 13. a3 Be6 14. Rac1 Nd7 15. Qc2
a4 16. Ne2 Rc8 17. Nf4 Nb6 18. Nxe6 fxe6 19. e4 Nc4 20. Rfe1 Kh8 21. e5 Be7 22.
Qe2 Rf8 23. Bb1 Qe8 24. Qc2 g6 25. Re2 Kg7 26. Qd3 Rf5 27. Nh2 Rb8 28. Ng4 Bg5
29. Rce1 b4 30. Bc2 Nxb2 31. Qg3 Rf8 32. Nf6 Bxf6 33. exf6+ Rxf6 34. Bxg6 Rxg6
35. Qc7+ Kg8 36. Rxb2 b3 37. Rc1 e5 38. dxe5 Re6 39. f4 Rc8 40. Qa7 c5 41. Rxc5
d4 42. Rxc8 Qxc8 43. Kh2 Qc3 44. Qd7 Rg6 45. Qe8+ Kh7 46. Qf7+ Rg7 47. Qf5+ Kh8
48. e6 Qg3+ 49. Kh1 Qe1+ 50. Kh2 Qg3+ 51. Kh1 Qg6 52. Qd5 Kh7 53. Qxd4 Qxe6 54.
Qxa4 Qe1+ 55. Kh2 Qg3+ 56. Kh1 Re7 57. Rb1 b2 58. Qb4 Re2 59. Qb7+ Kh8 60. Qa8+
Kh7 61. Qb7+ Kh8 62. Qa8+ Kh7 63. Qb7+ 1/2-1/2

[Event "Titled Tue 27th May Late"]
[Site "chess.com INT"]
[Date "2025.05.27"]
[Round "11"]
[White "Kushko, Dmitriy"]
[Black "Demchenko, Anton"]
[Result "1-0"]
[WhiteTitle "IM"]
[BlackTitle "GM"]
[WhiteElo "2454"]
[BlackElo "2619"]
[WhiteFideId "14162261"]
[BlackFideId "4160258"]
[EventDate "2025.05.27"]

1. g3 e5 2. c4 Nc6 3. Bg2 Bc5 4. Nc3 d6 5. e3 Bb6 6. d3 a6 7. Rb1 Nge7 8. b4 Be6
9. Nf3 O-O 10. O-O f6 11. a4 Qd7 12. Re1 Bh3 13. Bxh3 Qxh3 14. d4 Qg4 15. c5 Ba7
16. b5 axb5 17. axb5 Nd8 18. b6 Bb8 19. bxc7 Bxc7 20. cxd6 Bxd6 21. dxe5 fxe5
22. Nd2 Qxd1 23. Rxd1 Nec6 24. Nde4 Bb4 25. Nd5 Ba5 26. Ba3 Rf7 27. Nd6 Rd7 28.
Nc4 Ra6 29. Nf6+ gxf6 30. Rxd7 e4 31. Bb2 f5 32. Rg7+ Kf8 33. Rxh7 Ne6 34. Rxb7
Ng5 35. Ba3+ Kg8 36. Nxa5 Rxa5 37. Rc7 Nf3+ 38. Kg2 Ra6 39. Rc1 Rxa3 40. R7xc6
Kf7 41. Rb6 Ra7 42. Rbc6 Ra2 43. h4 Ne5 44. Rc7+ Ke6 45. Rb7 Nd3 46. Rf1 Ne5 47.
Rb6+ Kf7 48. h5 Ng4 49. Kg1 Rd2 50. h6 Rc2 51. Ra6 Rd2 52. Rb1 Nxf2 53. Rb7+ Kg8
54. Ra8+ 1-0

[Event "Titled Tue 27th May Late"]
[Site "chess.com INT"]
[Date "2025.05.27"]
[Round "11"]
[White "Morris-Suzuki, Alan H"]
[Black "Aliyev, Elnur"]
[Result "1-0"]
[BlackTitle "CM"]
[WhiteElo "1986"]
[BlackElo "2155"]
[WhiteFideId "30933218"]
[BlackFideId "13402617"]
[EventDate "2025.05.27"]

1. Nf3 d5 2. g3 Nd7 3. d4 Nb6 4. Nc3 Bf5 5. Nh4 Bd7 6. Bg2 Nf6 7. Bg5 c6 8. e4
Nxe4 9. Nxe4 dxe4 10. Bxe4 h6 11. Be3 Bh3 12. Qf3 e6 13. O-O-O g5 14. Ng6 fxg6
15. Bxg6+ Kd7 16. g4 Bd6 17. Qxh3 Qf6 18. Be4 Nd5 19. c4 Nf4 20. Qf3 Raf8 21.
Kb1 Kc7 22. d5 exd5 23. cxd5 Nxd5 24. Bf5 Be5 25. Rxd5 cxd5 26. Bxa7 Bxb2 27.
Qxd5 Qc6 28. Qxc6+ bxc6 29. Kxb2 Ra8 30. Bd4 Rhb8+ 31. Ka1 Rb4 32. Be5+ Kb7 33.
Rc1 Ra5 34. Bc3 Rc4 35. Bd3 Rxc3 36. Rxc3 Re5 37. Bf5 Re2 38. Rf3 Kb6 39. Bd3
Rd2 40. Kb1 Kc5 41. Bc2 Kd4 42. Kc1 Re2 43. Kd1 Re7 44. Rd3+ Kc4 45. Re3 Rf7 46.
Ke2 Kb4 47. Bb3 Rf6 48. Re6 Rf4 49. f3 Rd4 50. Rxc6 Ka5 51. Rxh6 Rd6 52. Rxd6
Kb4 53. Rg6 Kc3 54. Rxg5 Kb2 55. h4 Ka3 56. h5 Kb4 57. h6 Kc3 58. h7 Kb2 59.
h8=Q+ Ka3 60. Ra5+ Kb4 61. Ra4+ Kb5 62. Qe5+ Kb6 63. Rb4+ Kc6 64. Ba4# 1-0

[Event "Titled Tue 27th May Late"]
[Site "chess.com INT"]
[Date "2025.05.27"]
[Round "11"]
[White "Wu, Derek"]
[Black "Bogaudinov, Rushan"]
[Result "0-1"]
[WhiteTitle "FM"]
[BlackTitle "FM"]
[WhiteElo "2232"]
[BlackElo "1912"]
[WhiteFideId "30914558"]
[BlackFideId "4129288"]
[EventDate "2025.05.27"]

1. d4 Nf6 2. c4 e6 3. Nc3 d5 4. Nf3 Be7 5. Bf4 O-O 6. e3 c6 7. Qc2 Nbd7 8. Bd3
h6 9. O-O dxc4 10. Bxc4 Nb6 11. Bb3 Nbd5 12. Nxd5 exd5 13. h3 Ne4 14. Qe2 g5 15.
Bh2 f5 16. Ne5 f4 17. exf4 gxf4 18. Qxe4 Bf5 19. Qxf4 Bg5 20. Qg3 Kh7 21. f4 Bh4
22. Qe3 Rg8 23. Bd1 Qf6 24. Bf3 Rae8 25. Kh1 Bg3 26. Bxg3 Rxg3 27. Qf2 Reg8 28.
Ng4 Qh4 29. Kg1 h5 30. Ne3 Bxh3 31. Qc2+ Kh8 32. Nf5 Bxf5 33. Qxf5 Rh3 34. Qe5+
Rg7 35. Qe8+ Kh7 36. Qxh5+ Qxh5 37. Bxh5 Rxh5 38. Kf2 Rh2 39. Rg1 Kg6 40. Rae1
Kf5 41. Kf3 Rh4 42. Re5+ Kf6 43. g3 Rh2 44. Rg2 Rh1 45. Rge2 Rf7 46. Kg4 Rg1 47.
Rf5+ Kg7 48. Rxf7+ Kxf7 49. Rh2 Rd1 50. Kf5 Rxd4 51. Rh7+ Ke8 52. Rxb7 c5 53. g4
c4 54. g5 Rd2 55. g6 Rg2 56. Kf6 d4 0-1

[Event "Titled Tue 27th May Late"]
[Site "chess.com INT"]
[Date "2025.05.27"]
[Round "11"]
[White "Rustamov, Rustam"]
[Black "Jumabayev, Rinat"]
[Result "0-1"]
[WhiteTitle "FM"]
[BlackTitle "GM"]
[WhiteElo "2323"]
[BlackElo "2551"]
[WhiteFideId "13440110"]
[BlackFideId "13702661"]
[EventDate "2025.05.27"]

1. e4 c5 2. Nf3 e6 3. d4 cxd4 4. Nxd4 a6 5. Nc3 Qc7 6. Be3 Nf6 7. Bd3 b5 8. O-O
Bb7 9. a3 d6 10. Re1 Nbd7 11. Qf3 h5 12. h3 Ne5 13. Qg3 h4 14. Qh2 Be7 15. Rad1
Rc8 16. Bf4 Nxd3 17. cxd3 e5 18. Nf5 exf4 19. Qxf4 Nh5 20. Qg4 g6 21. Nxe7 Qxe7
22. Nd5 Qe6 23. Qxh4 Kf8 24. Nb6 Rc6 25. d4 Qe7 26. Qxe7+ Kxe7 27. Nd5+ Kf8 28.
Nb4 Rc4 29. e5 d5 30. Nd3 Ng7 31. Nc5 Bc8 32. b3 Rc3 33. Rc1 Rxc1 34. Rxc1 Ne6
35. Nxe6+ Bxe6 36. Rc6 a5 37. Rc5 Rh4 38. Rxb5 a4 39. bxa4 Rxd4 40. Rb4 Rd3 41.
f4 Rxa3 42. Kh2 Bf5 43. g4 Be4 44. h4 Kg7 45. Rb7 d4 46. Rd7 d3 47. e6 Kf8 48.
Rxf7+ Ke8 49. Rd7 Ra2+ 50. Kg3 d2 51. f5 gxf5 52. gxf5 Ra3+ 53. Kf4 Rd3 54. f6
Rxd7 55. exd7+ Kxd7 0-1

[Event "Titled Tue 27th May Late"]
[Site "chess.com INT"]
[Date "2025.05.27"]
[Round "11"]
[White "Bortnyk, Olexandr"]
[Black "Movahed, Sina"]
[Result "1-0"]
[WhiteTitle "GM"]
[BlackTitle "GM"]
[WhiteElo "2601"]
[BlackElo "2518"]
[WhiteFideId "14120828"]
[BlackFideId "42520835"]
[EventDate "2025.05.27"]

1. d4 Nf6 2. Nc3 d5 3. Bf4 c5 4. e4 cxd4 5. Qxd4 Nc6 6. Bb5 a6 7. Bxc6+ bxc6 8.
e5 Ng8 9. Qa4 Qd7 10. O-O-O e6 11. Ne4 c5 12. Qa3 f6 13. Nf3 Qc6 14. Nd6+ Bxd6
15. exd6 Nh6 16. Bxh6 gxh6 17. Qe3 Qxd6 18. Rhe1 Bd7 19. Qxh6 Rf8 20. Qh5+ Kd8
21. Qxh7 Kc7 22. h4 e5 23. Nd2 Qc6 24. f4 Rh8 25. Qd3 e4 26. Qa3 Bg4 27. c4 d4
28. Nxe4 Bxd1 29. Kxd1 Rhe8 30. Qa5+ Qb6 31. Qxc5+ Qxc5 32. Nxc5 f5 33. Ne6+ Kb6
34. Ng5 Rxe1+ 35. Kxe1 Kc5 36. b3 a5 37. Kd2 Re8 38. h5 Rh8 39. Ne6+ Kd6 40.
Nxd4 Rxh5 41. Kc3 Kc5 42. a3 Rh2 43. b4+ axb4+ 44. axb4+ Kb6 45. c5+ Kc7 46. g3
Rh5 47. Kc4 Kd7 48. b5 Rh2 49. Nxf5 Rb2 50. Nd4 Rb1 51. Kd5 Rc1 52. c6+ Kc7 53.
f5 Rf1 54. g4 Rg1 55. f6 Rxg4 56. f7 Rg5+ 57. Ke4 Rg6 58. f8=Q 1-0

[Event "Titled Tue 27th May Late"]
[Site "chess.com INT"]
[Date "2025.05.27"]
[Round "11"]
[White "Moreira, Ronaldo Alonso"]
[Black "Karas, Eugenia"]
[Result "1-0"]
[BlackTitle "WFM"]
[WhiteElo "2097"]
[BlackElo "2124"]
[WhiteFideId "2110547"]
[BlackFideId "463485"]
[EventDate "2025.05.27"]

1. d4 Nf6 2. c4 b6 3. Nc3 Bb7 4. e3 e6 5. Nf3 Be7 6. Bd3 d5 7. cxd5 Nxd5 8. e4
Nxc3 9. bxc3 Nd7 10. O-O O-O 11. Qe2 Nf6 12. Bf4 c5 13. Rfd1 cxd4 14. cxd4 Rc8
15. Rac1 Rxc1 16. Rxc1 Qa8 17. Nd2 Rc8 18. Rxc8+ Qxc8 19. Nb3 a5 20. f3 a4 21.
Nd2 Qc3 22. Be3 g6 23. Kf2 Qb2 24. Nc4 Qxe2+ 25. Kxe2 b5 26. Ne5 b4 27. Bc2 Ba6+
28. Bd3 Bxd3+ 29. Kxd3 a3 30. Kc4 Ne8 31. Nc6 Nd6+ 32. Kb3 Bf8 33. Bd2 Nb5 34.
Bxb4 f5 35. Bxf8 Kxf8 36. Kb4 Nd6 37. e5 Nc8 38. Kxa3 Nb6 39. Kb4 Nd5+ 40. Kc5
Nc3 41. Nb4 Ke7 42. Kc4 Nd1 43. a4 Ne3+ 44. Kc5 Kd7 45. a5 Kc7 46. a6 Kb8 47.
Kd6 Ka7 48. Kxe6 Nxg2 49. Kf7 Ne1 50. e6 Nxf3 51. e7 Ng5+ 52. Kf6 f4 53. Kxg5 f3
54. e8=Q f2 55. Qf7+ Kb6 56. Qxf2 Ka5 57. Kh6 Kxb4 58. Kxh7 Kb5 59. Kxg6 Kxa6
60. Kg7 Kb5 61. Qc2 Kb4 62. Qc1 Ka4 63. Kf6 Ka5 64. Ke6 Ka6 65. Qb1 Ka5 66. Kd5
Ka4 67. Kc4 Ka5 68. Qb5# 1-0

[Event "Titled Tue 27th May Late"]
[Site "chess.com INT"]
[Date "2025.05.27"]
[Round "11"]
[White "Gyurjinyan, Valter"]
[Black "Leiva, Gianmarco"]
[Result "0-1"]
[WhiteTitle "CM"]
[BlackTitle "IM"]
[WhiteElo "2208"]
[BlackElo "2387"]
[WhiteFideId "13318179"]
[BlackFideId "3804399"]
[EventDate "2025.05.27"]

1. e4 c5 2. d4 cxd4 3. Qxd4 Nf6 4. Nc3 d6 5. Nf3 e5 6. Qd1 h6 7. Bc4 Be7 8. h3
O-O 9. O-O Be6 10. Bb3 Nbd7 11. Be3 Qc7 12. Re1 Nc5 13. Bxc5 Qxc5 14. Qd2 b5 15.
Rad1 Rfc8 16. a3 a5 17. Nh4 Kh7 18. Nf5 Bf8 19. Qd3 a4 20. Bxe6 fxe6 21. Ne3 b4
22. axb4 Qxb4 23. Qb5 Qxb5 24. Nxb5 Nxe4 25. f3 Rab8 26. c4 Nc5 27. Ng4 Rb6 28.
Nf2 Be7 29. Re2 Nb7 30. Re4 Na5 31. Na3 Rc5 32. Nd3 Rc7 33. Ra1 Nb3 34. Rd1 Nd4
35. c5 dxc5 36. Nxe5 Rxb2 37. Nac4 Rc2 38. Ne3 Re2 39. Kf1 Rb2 40. N3c4 Rc2 41.
Ne3 Rc3 42. N5c4 Bf6 43. g4 Ra7 44. f4 a3 45. g5 a2 46. gxf6 a1=Q 47. Rxa1 Rxa1+
48. Kf2 gxf6 49. Nd6 Ra2+ 50. Kg3 Re2 51. f5 Rexe3+ 52. Rxe3 Rxe3+ 53. Kf4 Re5
54. fxe6 Rxe6 55. Nc4 Kg6 56. Nb6 Rxb6 0-1

[Event "Titled Tue 27th May Late"]
[Site "chess.com INT"]
[Date "2025.05.27"]
[Round "11"]
[White "Yushko, Olga"]
[Black "May Sanchez, Andres Elias"]
[Result "0-1"]
[WhiteTitle "WFM"]
[BlackTitle "CM"]
[WhiteElo "2036"]
[BlackElo "2209"]
[WhiteFideId "14114500"]
[BlackFideId "5150973"]
[EventDate "2025.05.27"]

1. d4 Nf6 2. c4 e6 3. Nc3 c5 4. f3 cxd4 5. Qxd4 Nc6 6. Qd1 d5 7. cxd5 exd5 8. e3
Bf5 9. Bd3 Bxd3 10. Qxd3 d4 11. exd4 Qxd4 12. Qe3+ Be7 13. Nge2 Qh4+ 14. Ng3
O-O-O 15. O-O Rhe8 16. Nf5 Qb4 17. Nxe7+ Rxe7 18. Qg5 Qc4 19. Bf4 Rd4 20. Bg3
Qb4 21. Qxg7 Nh5 22. Qg8+ Rd8 23. Qxh7 Nxg3 24. hxg3 Qxb2 25. Ne4 Qd4+ 26. Rf2
Qxa1+ 27. Rf1 Qd4+ 28. Rf2 Qa1+ 29. Rf1 Rd1 30. Qf5+ Kb8 31. Qf4+ Ka8 32. Rxd1
Qxd1+ 33. Kh2 a6 34. Qg5 Qd7 35. Nc5 Qd6 36. Na4 f6 37. Nb6+ Kb8 38. Qg8+ Kc7
39. Nd5+ Kd7 40. Nxe7 Qxe7 41. Qd5+ Kc7 42. a4 Qe5 43. Qf7+ Kb6 44. Qb3+ Ka7 45.
f4 Qh5+ 46. Kg1 Qc5+ 47. Kh2 Nd4 48. Qd3 Qh5+ 49. Kg1 Qc5 50. Kh2 Nc6 51. g4 Qb4
52. Qe3+ Kb8 53. Qe8+ Kc7 54. Qf7+ Kb6 55. Qxf6 Qxa4 56. g5 Qd1 57. Qh6 a5 58.
g6 a4 59. g7 Qd8 0-1

[Event "Titled Tue 27th May Late"]
[Site "chess.com INT"]
[Date "2025.05.27"]
[Round "11"]
[White "Guliev, Gasan"]
[Black "Mizzi, Jack"]
[Result "0-1"]
[WhiteTitle "CM"]
[BlackTitle "CM"]
[WhiteElo "2123"]
[BlackElo "2086"]
[WhiteFideId "34165638"]
[BlackFideId "5602521"]
[EventDate "2025.05.27"]

1. d4 d5 2. Nf3 Nf6 3. c4 e6 4. g3 dxc4 5. Bg2 Bd7 6. Ne5 Bc6 7. Nxc6 Nxc6 8. e3
Qd7 9. Nd2 Bb4 10. O-O Bxd2 11. Bxd2 h5 12. Qc1 h4 13. Qxc4 Nd5 14. Rac1 g5 15.
e4 Nb6 16. Qb3 Nxd4 17. Qd1 h3 18. Bh1 Rg8 19. e5 O-O-O 20. Be3 g4 21. Bxd4 Qxd4
22. Qc2 Qxe5 23. Rfe1 Qd6 24. a4 Nd5 25. a5 Nb4 26. Qb3 c6 27. a6 Nxa6 28. Bxc6
bxc6 29. Qa4 Nb8 30. Qxa7 Qd5 31. f3 Qd4+ 32. Qxd4 Rxd4 33. fxg4 Rd2 34. Rf1 Rg7
35. Rf2 Rxf2 36. Kxf2 Rxg4 37. Rc5 Rb4 38. Rc2 Kc7 39. Kf3 Nd7 40. g4 Rc4 41.
Rxc4 Ne5+ 42. Ke4 Nxc4 43. b3 Nd2+ 44. Ke5 Nxb3 45. Kf6 c5 46. Kxf7 c4 47. g5 c3
48. g6 Nd4 49. g7 Nf5 50. Kxe6 Nxg7+ 51. Ke5 c2 52. Kf6 Ne8+ 53. Kg6 c1=Q 54.
Kf7 Qe1 55. Kf8 Kd6 56. Kf7 Nc7 57. Kf8 Qg1 58. Kf7 Qxh2 59. Kg6 Qg1+ 60. Kf5 h2
61. Ke4 h1=Q+ 62. Kf4 Qh4+ 63. Kf5 Qgg5# 0-1

[Event "Titled Tue 27th May Late"]
[Site "chess.com INT"]
[Date "2025.05.27"]
[Round "11"]
[White "Yang, Kaiqi"]
[Black "Hiwale, Ronak"]
[Result "1-0"]
[WhiteTitle "GM"]
[WhiteElo "2481"]
[BlackElo "2105"]
[WhiteFideId "8604398"]
[BlackFideId "30975336"]
[EventDate "2025.05.27"]

1. e4 g6 2. d4 Bg7 3. Nc3 d6 4. Be3 a6 5. a4 Nd7 6. Qd2 c6 7. h4 h5 8. Nf3 Ngf6
9. e5 Ng4 10. exd6 exd6 11. Bg5 f6 12. Bf4 Qe7+ 13. Be2 d5 14. O-O O-O 15. Rfe1
Qf7 16. Bd3 Nb6 17. a5 Nc4 18. Qc1 Bd7 19. b3 Rfe8 20. bxc4 dxc4 21. Bf1 Bf5 22.
Nd2 Qd7 23. Nxc4 Qxd4 24. Rxe8+ Rxe8 25. Qd2 Qxd2 26. Bxd2 Bxc2 27. Rc1 Bf5 28.
Nd6 Re7 29. Bc4+ Kh7 30. Nxf5 gxf5 31. Bd3 Kg6 32. Ne2 Rd7 33. Nf4+ Kf7 34. Bc4+
Ke8 35. Bb4 Ne5 36. Be2 Bh6 37. Bxh5+ Kd8 38. Ne6+ Kc8 39. f4 Nd3 40. Rc4 Rd5
41. Bf3 Rd7 42. Nc5 Nxc5 43. Bxc5 Rd2 44. Kh2 Ra2 45. Bb6 Rd2 46. Kg3 Rd7 47.
Rc2 Rg7+ 48. Kh3 Bxf4 49. g4 Bc7 50. Re2 Bxb6 51. axb6 a5 52. h5 a4 53. Kh4 Kd7
54. h6 Rh7 55. Kh5 fxg4 56. Bxg4+ Kd6 57. Kg6 Rxh6+ 58. Kxh6 Kc5 59. Bc8 Kxb6
60. Rb2+ Kc7 61. Bxb7 a3 62. Rb3 a2 63. Ra3 Kxb7 64. Rxa2 c5 65. Kg6 Kc6 66. Kf5
Kd5 67. Rd2+ Kc4 68. Ke4 Kc3 69. Rd5 c4 70. Rc5 f5+ 71. Rxf5 Kb2 72. Rc5 c3 73.
Kd3 c2 74. Rxc2+ Kb3 75. Rc3+ Kb4 76. Rc4+ Kb5 77. Kc3 Kb6 78. Kb4 Ka6 79. Rc5
Kb7 80. Kb5 Kb8 81. Rc6 Ka8 82. Kb6 Kb8 83. Rc7 Ka8 84. Rc8# 1-0

[Event "Titled Tue 27th May Late"]
[Site "chess.com INT"]
[Date "2025.05.27"]
[Round "11"]
[White "Papadopoulos, Georgios3"]
[Black "Hercegovac, Neven"]
[Result "1-0"]
[WhiteTitle "FM"]
[BlackTitle "FM"]
[WhiteElo "2363"]
[BlackElo "2211"]
[WhiteFideId "4210271"]
[BlackFideId "2839135"]
[EventDate "2025.05.27"]

1. d4 Nf6 2. Nf3 e6 3. Bf4 c5 4. e3 Nc6 5. Nbd2 h6 6. h3 b6 7. Nc4 d6 8. dxc5
dxc5 9. Nd6+ Bxd6 10. Bxd6 Bb7 11. Be2 Ne4 12. Bh2 O-O 13. O-O Qe7 14. c3 Rfd8
15. Qc2 Nf6 16. Rfd1 Rxd1+ 17. Rxd1 Rd8 18. Ne5 Nxe5 19. Bxe5 Rxd1+ 20. Qxd1 Qd7
21. f3 Qxd1+ 22. Bxd1 Bd5 23. b3 Kf8 24. c4 Bc6 25. e4 Nd7 26. Bc3 f6 27. Kf2
Ke7 28. Ke3 e5 29. Be2 Nf8 30. g3 Ne6 31. Bd1 Kd6 32. h4 Bb7 33. b4 cxb4 34.
Bxb4+ Nc5 35. Bb3 a5 36. Ba3 Ba6 37. Kd2 Kc6 38. Kc3 h5 39. Bc2 Kd6 40. Bd1 Ke6
41. Bxc5 bxc5 42. f4 g6 43. f5+ gxf5 44. exf5+ Kxf5 45. Bxh5 e4 46. Be2 Bb7 47.
Kd2 Bc6 48. Ke3 Ke5 49. Bd1 f5 50. h5 Kf6 51. Kf4 Bd7 52. g4 fxg4 53. Bxg4 Bc6
54. Be2 Bb7 55. Bd1 Bc6 56. Bc2 Bd7 57. Bxe4 Be6 58. Bd5 Bd7 59. h6 Kg6 60. Ke5
Kxh6 61. Kd6 Bf5 62. Kxc5 Bb1 63. a3 Kg5 64. Kb5 Kf6 65. Kxa5 Ke5 66. Kb6 Kd6
67. a4 Bc2 68. a5 Ba4 69. a6 1-0

[Event "Titled Tue 27th May Late"]
[Site "chess.com INT"]
[Date "2025.05.27"]
[Round "11"]
[White "Maglioni, Leonardo"]
[Black "Tikhonov, Viacheslav"]
[Result "0-1"]
[BlackTitle "CM"]
[WhiteElo "2069"]
[BlackElo "2183"]
[WhiteFideId "2896830"]
[BlackFideId "44196407"]
[EventDate "2025.05.27"]

1. d4 Nf6 2. Bf4 d5 3. e3 e6 4. c3 c5 5. Nd2 Bd6 6. Bxd6 Qxd6 7. Ngf3 O-O 8. Bd3
Nbd7 9. O-O e5 10. dxe5 Nxe5 11. Nxe5 Qxe5 12. Nf3 Qd6 13. c4 Bg4 14. cxd5 Qxd5
15. Be2 Rfd8 16. Qc2 Bf5 17. Qa4 Qe4 18. Qxe4 Nxe4 19. Rfd1 h6 20. Rac1 b6 21.
Kf1 Be6 22. b3 Rxd1+ 23. Bxd1 a5 24. Be2 a4 25. Bc4 axb3 26. axb3 Ra2 27. Ke1
Nxf2 28. Nd2 Ng4 29. Ke2 Nxh2 30. Bxe6 fxe6 31. Rc4 Nf1 32. Kxf1 Rxd2 33. b4 Rd5
34. bxc5 Rxc5 35. Rb4 b5 36. Ke2 Kf7 37. Kd3 Kf6 38. e4 Rg5 39. Kd4 Rxg2 40.
Rxb5 e5+ 41. Ke3 Rg3+ 42. Kf2 Rd3 43. Ke2 Ra3 44. Rc5 h5 45. Kf2 h4 46. Kg2 Re3
47. Rc4 Kg5 48. Rc7 g6 49. Rc4 Kf4 50. Kf2 Rxe4 51. Rc6 g5 52. Rf6+ Kg4 53. Kg2
h3+ 54. Kh2 Re2+ 55. Kh1 Kg3 56. Rf1 g4 57. Ra1 e4 58. Rd1 e3 59. Rf1 Rd2 60.
Re1 e2 61. Rg1+ Kf2 62. Kh2 e1=Q 0-1

[Event "Titled Tue 27th May Late"]
[Site "chess.com INT"]
[Date "2025.05.27"]
[Round "11"]
[White "Bian, Alex"]
[Black "Kuznetsov, Felix"]
[Result "1-0"]
[WhiteTitle "FM"]
[BlackTitle "FM"]
[WhiteElo "2342"]
[BlackElo "2170"]
[WhiteFideId "2056372"]
[BlackFideId "34147990"]
[EventDate "2025.05.27"]

1. e4 c5 2. Nf3 Nc6 3. d4 cxd4 4. Nxd4 Nf6 5. Nc3 d6 6. Bg5 e6 7. f4 a6 8. Qd2
Bd7 9. O-O-O b5 10. a3 Qb6 11. Nxc6 Bxc6 12. Bxf6 gxf6 13. f5 h5 14. Kb1 O-O-O
15. Be2 h4 16. fxe6 fxe6 17. Bg4 Bd7 18. Rhf1 Be7 19. Bh3 Kb8 20. Ne2 Rh5 21.
Nf4 Re5 22. Ng6 Re8 23. Nxe5 fxe5 24. Rf7 Qc5 25. Qf2 Qxf2 26. Rxf2 Bc6 27. Re2
Bf8 28. Rf1 Bh6 29. Rf6 Bf4 30. Rxe6 Rxe6 31. Bxe6 Bxh2 32. Bd5 Bd7 33. c4 Bf4
34. Kc2 Bg4 35. Re1 Kc7 36. Kd3 Kb6 37. Rh1 Bg3 38. cxb5 axb5 39. Rc1 Bd7 40.
Rf1 Bf4 41. b3 Kc5 42. Rb1 Kb6 43. Ra1 Ka5 44. Kc3 Bg3 45. Rf1 Bf4 46. Rh1 Bg3
47. Kd3 Kb6 48. Rf1 Bf4 49. b4 Bg4 50. Bb3 Bh5 51. Rh1 Bg3 52. Bd5 Bg4 53. Rc1
Bd7 54. Ra1 Bf4 55. Bb3 Bg3 56. Kc3 Bf2 57. Kc2 Bd4 58. Rh1 Bf2 59. Rf1 Bg3 60.
Rf6 Kc7 61. Rf7 Kd8 62. Rg7 Kc8 63. Rg8+ Kc7 64. Rg7 Kd8 65. Rg6 Ke7 66. Rg7+
Kd8 67. Bd5 Ke8 68. Kb3 Bc8 69. Bc6+ Kd8 70. Bxb5 Be6+ 71. Bc4 Bd7 72. Bd5 Kc7
73. Be6 Kb6 74. Rxd7 1-0

[Event "Titled Tue 27th May Late"]
[Site "chess.com INT"]
[Date "2025.05.27"]
[Round "11"]
[White "Shukhman, Anna"]
[Black "Goltsev, Dmitry"]
[Result "1/2-1/2"]
[WhiteTitle "WGM"]
[BlackTitle "FM"]
[WhiteElo "2413"]
[BlackElo "2183"]
[WhiteFideId "54180058"]
[BlackFideId "24176710"]
[EventDate "2025.05.27"]

1. e4 e6 2. d4 d5 3. Nc3 c5 4. exd5 exd5 5. Nf3 Nf6 6. Bb5+ Nc6 7. O-O Be7 8.
dxc5 Bxc5 9. Re1+ Be6 10. Be3 Bxe3 11. Rxe3 O-O 12. Nd4 Qb6 13. Bxc6 bxc6 14. h3
c5 15. Nxe6 fxe6 16. Qe1 Rae8 17. Na4 Qc6 18. b3 Ne4 19. f3 Nf6 20. Qa5 Nd7 21.
Rae1 Rf6 22. Rc3 Rc8 23. Nxc5 Nxc5 24. b4 Qd6 25. Rxc5 Rcf8 26. Qc7 Qa6 27. Rc6
Qxa2 28. Rcxe6 Rf4 29. Re8 Rf7 30. Qc8 Qb2 31. Rxf8+ Rxf8 32. Qe6+ Kh8 33. Qf7
Qf6 34. Qxf6 gxf6 35. Re7 Rc8 36. Rxa7 Rxc2 37. Rd7 Rb2 38. Rxd5 Rxb4 39. Rd7 h5
40. Kf2 h4 41. Ke3 Rb2 42. Rd2 Rb4 43. Rd4 Rb2 44. Rxh4+ Kg7 45. Rg4+ Kh6 46.
Kf4 Rb5 47. Kg3 Kh5 48. Rd4 f5 49. h4 Rc5 50. Kh3 Rc1 51. g4+ fxg4+ 52. fxg4+
Kg6 53. Rd6+ Kf7 54. h5 Rc5 55. Kh4 Kg7 56. Ra6 Rb5 57. g5 Rb4+ 58. Kg3 Rb3+ 59.
Kf4 Rb4+ 60. Ke3 Rb3+ 61. Kd4 Rb5 62. Rg6+ Kh7 63. Ke4 Rb4+ 64. Kd3 Rb5 65. Kc4
Ra5 66. Rh6+ Kg7 67. Rg6+ Kh7 68. Kb4 Re5 69. Kc4 Ra5 1/2-1/2

[Event "Titled Tue 27th May Late"]
[Site "chess.com INT"]
[Date "2025.05.27"]
[Round "11"]
[White "Fadi, Marko"]
[Black "Kosakowski, Jakub"]
[Result "0-1"]
[WhiteTitle "FM"]
[BlackTitle "GM"]
[WhiteElo "2244"]
[BlackElo "2530"]
[WhiteFideId "10605371"]
[BlackFideId "1185080"]
[EventDate "2025.05.27"]

1. c4 e6 2. Nc3 d5 3. d4 Nf6 4. cxd5 exd5 5. Bg5 Bb4 6. e3 h6 7. Bxf6 Qxf6 8.
Bd3 c6 9. Nf3 O-O 10. O-O Bg4 11. Be2 Nd7 12. Nd2 Be6 13. Rc1 Nb6 14. a3 Bd6 15.
b4 a6 16. Nb3 Rad8 17. Nc5 Bc8 18. Qb3 Rfe8 19. a4 Qh4 20. g3 Qg5 21. b5 axb5
22. axb5 Bxc5 23. dxc5 Nd7 24. bxc6 bxc6 25. Qa4 Qf6 26. Qd4 Qe7 27. Na2 Nf8 28.
Nb4 Qc7 29. Qf4 Qd7 30. Qd6 Qb7 31. Qf4 d4 32. Nc2 d3 33. Bxd3 Rxd3 34. Rb1 Rb3
35. Rxb3 Qxb3 36. Nd4 Qd5 37. Qd6 Qxd6 38. cxd6 Bd7 39. Rc1 Rc8 40. Nb3 Ne6 41.
f4 f5 42. Ra1 Rb8 43. Nd2 Nc5 44. Nc4 Ne4 45. Ne5 Rd8 46. Ra7 Nf6 47. Rc7 Be8
48. Nxc6 Bxc6 49. Rxc6 Ne4 50. g4 fxg4 51. Rc4 Nxd6 52. Rd4 Nf7 53. Ra4 g6 54.
Kg2 Kg7 55. Kg3 h5 56. Kh4 Rd2 57. h3 Rh2 58. Kg3 Rxh3+ 59. Kf2 Rf3+ 60. Ke2 Nd6
61. Ra5 Nf5 62. e4 Re3+ 63. Kf2 Rxe4 64. Kg2 Rxf4 65. Kh2 Rf3 66. Kg2 Kh6 67.
Kh2 Kg5 68. Kg2 h4 69. Kh2 h3 70. Kg1 g3 71. Ra4 Ne3 72. Ra5+ Rf5 73. Ra1 Rf1+
74. Rxf1 Nxf1 75. Kxf1 Kf4 76. Kg1 Ke3 77. Kh1 g2+ 78. Kg1 Kf3 79. Kh2 Kf2 80.
Kxh3 g1=Q 81. Kh4 Kf3 82. Kh3 Qh1# 0-1